Statistics for Asian Foods Picture Quiz

Click here to take the quiz!

General Stats

  • This quiz has been taken 5 times
  • The average score is 10 of 20

Answer Stats

Answer% Correct
Sushi
100%
Tofu
100%
Curry
75%
Jiaozi
75%
Kimchi
75%
Pho
75%
Egg Rolls
50%
Falafel
50%
Mochi
50%
Naan
50%
Orange Chicken
50%
Peking Duck
50%
Ramen
50%
Tempura
50%
Dim Sum
25%
Katsu
25%
Kebabs
25%
Nigiri
25%
Wontons
25%
Salay
0%

Score Distribution

Percentile by Number Answered

Percent of People with Each Score

Your Score History

You have not taken this quiz